000 00550cam a2200205u 4500
001 8459811
005 20180206042648.0
008 841025s1964 mnu 000 0 eng
010 _a 65005387
040 _aDLC
_cCarP
_dDLC
041 _aeng
043 _an-us---
080 _a341
082 _2341 CHO
100 1 _a14
101 _aSHJ
245 1 0 _a1964 supplement to Constitutional law cases;
906 _a0
_bcbc
_cpremunv
_du
_encip
_f19
_gy-gencatlg
942 _2ddc
_cBK
999 _c41894
_d41894